00485nam a2200193 a 4500001001300000003000900013005001700022008004100039020001000080082001600090100002300106245002400129260003700153300000900190500003500199505001000234650002400244700002300268nice12345678IN_TiNIC20260116012216.0050524s1930 nasa grp 000 0 eng  ac10000a241.53bCHA aChappell, Clovis G aSermon on the Mount aNashvillebCokesbury Pressc1930 a227p aincludes index and biblioraphy2 aIndex aSermon on the Mount1 aChappell, Clovis G